Modern operating system / (Record no. 41768)

MARC details
000 -LEADER
fixed length control field 00659nam a22001937a 4500
005 - DATE AND TIME OF LATEST TRANSACTION
control field 20100813165243.0
010 ## - LCCN (DPL NO)
LC control number ENG-100031
020 ## - INTERNATIONAL STANDARD BOOK NUMBER
International Standard Book Number 9788190752640
Terms of availability 200.00
035 ## - SYSTEM CONTROL NUMBER
System control number EN-83563
037 ## - SOURCE OF ACQUISITION
Source of stock number/acquisition DBAD/PUB
082 ## - DEWEY DECIMAL CLASSIFICATION NUMBER
Classification number 005.43
100 ## - MAIN ENTRY--PERSONAL NAME
Personal name Ganesh Babu,V.
245 ## - TITLE STATEMENT
Title Modern operating system /
Statement of responsibility, etc by V.Ganesh Babu
260 ## - PUBLICATION, DISTRIBUTION, ETC. (IMPRINT)
Place of publication, distribution, etc Sivakasi
Name of publisher, distributor, etc Sri Balaji Printers & Publishers,
Date of publication, distribution, etc 2008
270 ## - ADDRESS
City Sivakasi
300 ## - PHYSICAL DESCRIPTION
Extent 120p.
Dimensions 26cm (pbk)
942 ## - ADDED ENTRY ELEMENTS (KOHA)
Source of classification or shelving scheme Dewey Decimal Classification
Item type English Books
Classification part 005.43
Call number suffix GAN
Holdings
Withdrawn status Lost status Not for loan Collection code Home library Current library Date acquired Source of acquisition Cost, normal purchase price Full call number Barcode Cost, replacement price Koha item type
    Not For Loan Non-fiction D.B.Act.Division D.B.Act.Division 13/08/2010 DBAD / PUB 200.00 005.43 GAN EN-83563 200.00 English Books

© Delhi Public Library
Hit Counter
free hit counter